Xabi Alonso's Real Madrid - Statistics

General Stats
  • This quiz has been taken 29 times
  • The average score is 23 of 32
Answer Stats
Rank Player Position Nationality Matches Goals Assists % Correct
1 Arda Güler Attacking Midfield 34 4 10
100%
8 Rodrygo Right Winger 27 3 7
100%
15 Eduardo Camavinga Central Midfield 19 2 1
96%
6 Jude Bellingham Attacking Midfield 29 6 5
96%
7 Kylian Mbappé Centre-Forward 28 30 7
96%
3 Thibaut Courtois Goalkeeper 32 0 1
96%
2 Vinicius Junior Left Winger 33 7 10
96%
4 Aurélien Tchouaméni Defensive Midfield 32 0 1
91%
5 Federico Valverde Central Midfield 31 3 7
91%
20 Antonio Rüdiger Centre-Back 14 0 0
87%
13 Brahim Díaz Right Winger 22 1 3
87%
16 Fran García Left-Back 18 2 1
87%
21 Daniel Carvajal Right-Back 9 0 0
83%
23 David Alaba Centre-Back 5 0 0
83%
17 Éder Militão Centre-Back 17 1 1
83%
9 Gonzalo García Centre-Forward 26 8 3
83%
19 Trent Alexander-Arnold Right-Back 16 0 3
83%
26 Andriy Lunin Goalkeeper 2 0 0
78%
18 Franco Mastantuono Right Winger 17 1 1
78%
22 Luka Modrić Central Midfield 6 0 0
78%
14 Dani Ceballos Central Midfield 21 0 0
74%
24 Ferland Mendy Left-Back 3 0 0
74%
10 Álvaro Carreras Left-Back 25 1 1
70%
12 Dean Huijsen Centre-Back 23 1 1
70%
25 Endrick Centre-Forward 3 0 0
65%
11 Raúl Asencio Centre-Back 24 1 0
65%
29 Lucas Vázquez Right-Back 2 0 0
35%
31 Jacobo Ramón Centre-Back 1 0 0
17%
27 David Jiménez Right-Back 2 0 0
13%
32 Jorge Cestero Central Midfield 1 0 0
13%
28 Víctor Muñoz Left Winger 2 0 0
9%
30 Víctor Valdepeñas Centre-Back 1 0 0
9%
No matching quizzes found
Score Distribution
Percent of People with Each Score
Percentile by Number Answered
Your Score History
You have not taken this quiz